000 00632nam a2200193Ii 4500
003 JO-AjNU
008 230605s9999||||xx |||||||||||||| ||und||
040 _aJO-AjNU
_bara
_erda
_cJO-AjNU
041 _aara
050 1 4 _aPJ7864.A42.Z542 1900
100 3 _aالملثم،البدوي,
_eauthor
_910826
245 0 0 _aعرار شاعر الأردن
264 3 1 _aد.م: د.ن، 1900
300 _a340ص
336 _atext
_btxt
_2rdacontent
337 _aunmediated
_bn
_2rdamedia
338 _avolume
_bnc
_2rdacarrier
650 4 _aالشعر العربي - الشعراء الأردنيين - تراجم - تاريخ ونقد
_910827
999 _aA2007
_c5575
_d5575